000 00372nam a2200145Ia 4500
008 231129s1999||||xx |||||||||||||| ||spa||
020 _a958-04-4523-0
040 _bspa
082 _a(i) Cu863.44 P116m
100 _aPacheco Sindo
245 0 _aMarí­a Virginia mi amor
260 _c1999
264 _aNorma
942 _2ddc
_cBKS
999 _c20662
_d20662